đź“– 150 premiers mots "La ligne verte" Stephen King - Statistiques

Statistiques générales
  • Ce quiz a Ă©tĂ© pris 124 fois
  • Le rĂ©sultat moyen est 72 sur 150
Statistiques - réponses
Mots % Correct
J'
99%
j'
99%
Cold
95%
l'
94%
s'
94%
Ă 
93%
a
93%
m'
92%
Moores,
92%
Mountain.
92%
Mountain
92%
d'
89%
le
88%
la
87%
lĂ .
87%
n'
87%
de
80%
et
80%
Et
80%
je
79%
les
79%
ma
78%
se
78%
est
76%
pas
76%
Ca
73%
en
73%
des
71%
Melinda,
71%
on
68%
ai
67%
(un
67%
mais
66%
Mais
66%
au
64%
mon
63%
passé
63%
Ils
62%
que
61%
ne
60%
pour
59%
était
58%
sa
58%
sur
57%
du
56%
qui
56%
quand
53%
vous.
51%
tout
45%
jamais
40%
mort), ...
40%
temps
40%
1932,
39%
cette
39%
comme
36%
bien
35%
rendez-
31%
vu
29%
trouvait
27%
ceux
26%
encore
26%
peut
26%
Etat
24%
lit
23%
pénitencier
23%
trop
20%
souviendrai
19%
Mille
18%
Cent
17%
directeur
17%
huit
17%
dix-
16%
chaise
15%
chaise,
15%
choses
15%
électrique
15%
Courant,
14%
malade
13%
peur
13%
font
11%
pendant
11%
passer
9%
soixante-
9%
présidé
8%
asseoir
7%
détenus,
7%
devaient
7%
exécutions
7%
Veuve
7%
vraiment
7%
chère
6%
chiffre
6%
mémoire
6%
Miss
6%
Volts,
6%
blague
5%
lequel
5%
blaguaient,
4%
humour
4%
moitié,
4%
surnommaient
4%
auxquelles
3%
cuisiner.
3%
devrait
3%
dinde
3%
échapper.
3%
électricité
3%
hésité ;
3%
Naturellement,
3%
Noël
3%
note
3%
rigoler
3%
RĂ´tisseuse.
3%
RĂ´tisseuse,
3%
servi
3%
Aucun quiz correspondant
Distribution des résultats
% des personnes avec chaque résultat
Percentile par nombre de réponses
Votre historique - résultats
Vous n’avez pas pris ce quiz